[Event "Verbandsliga Nordbaden 2324"]
[White "Inhoven, Stefan"]
[Black "Hauke, Christian"]
[Site "Baden"]
[Round "6.3"]
[Result "1/2-1/2"]
[Date "2024.02.18"]
[WhiteElo "2087"]
[BlackElo "2164"]
[PlyCount "38"]
[EventDate "2023.09.24"]
[EventType "team-tourn"]
[EventRounds "9"]
[EventCountry "GER"]
[SourceTitle "EXT 2025"]
[Source "ChessBase"]
[SourceDate "2024.10.14"]
[SourceVersion "1"]
[SourceVersionDate "2024.10.14"]
[SourceQuality "1"]
[WhiteTeam "Weinheim"]
[BlackTeam "Bad Mergentheim II"]
[WhiteTeamCountry "GER"]
[BlackTeamCountry "GER"]

1. e4 d6 2. d4 Nf6 3. Bd3 e5 4. c3 d5 5. dxe5 dxe4 6. Bb5+ c6 7. Qxd8+ Kxd8 8. Be2 Nd5 9. Nd2 e3 10. Ne4 Bf5 11. Bf3 Bxe4 12. Bxe4 Bc5 13. fxe3 Nxe3 14. Ne2 Ng4 15. Bg5+ Ke8 16. Rd1 f6 17. exf6 gxf6 18. Bh4 Kf7 19. Bf3 Ne3 1/2-1/2

[Event "BL2-Sued 2223"]
[White "Degenhard, Simon"]
[Black "Hauke, Christian"]
[Site "Germany"]
[Round "10.7"]
[Result "1-0"]
[Date "2023.03.19"]
[WhiteElo "2178"]
[BlackElo "2171"]
[PlyCount "65"]
[EventDate "2022.10.22"]
[EventType "team-tourn"]
[EventRounds "9"]
[EventCountry "GER"]
[SourceTitle "EXT 2024"]
[Source "ChessBase"]
[SourceDate "2023.10.10"]
[SourceVersion "1"]
[SourceVersionDate "2023.10.10"]
[SourceQuality "1"]
[WhiteTeam "Heilbronn"]
[BlackTeam "Bad Mergentheim"]
[WhiteTeamCountry "GER"]
[BlackTeamCountry "GER"]

1. e4 d6 2. d4 Nf6 3. Nc3 Nbd7 4. Nf3 e5 5. Bc4 Be7 6. a4 c6 7. 0-0 0-0 8. Re1 b6 9. h3 a6 10. Ba2 Rb8 11. Be3 b5 12. dxe5 dxe5 13. axb5 axb5 14. Nd2 Nc5 15. Qf3 Be6 16. Red1 Qc7 17. Ne2 Ra8 18. Bxe6 Nxe6 19. Nf1 Bc5 20. Nfg3 Bxe3 21. Qxe3 Nf4 22. Nf5 Nxe2+ 23. Qxe2 Rxa1 24. Rxa1 g6 25. Qe3 Qd8 26. Qg5 Nd7 27. Ne7+ Kh8 28. Rd1 f6 29. Nxg6+ Kg7 30. Qg4 f5 31. exf5 hxg6 32. Qxg6+ Kh8 33. Qe6 1-0

[Event "Verbandsliga Nordbaden 2223"]
[White "Ungerer, Markus"]
[Black "Hauke, Christian"]
[Site "Germany"]
[Round "4.4"]
[Result "1-0"]
[Date "2022.12.04"]
[WhiteElo "2131"]
[BlackElo "2171"]
[PlyCount "107"]
[EventDate "2022.09.25"]
[EventType "team-tourn"]
[EventRounds "9"]
[EventCountry "GER"]
[SourceTitle "EXT 2024"]
[Source "ChessBase"]
[SourceDate "2023.10.10"]
[SourceVersion "1"]
[SourceVersionDate "2023.10.10"]
[SourceQuality "1"]
[WhiteTeam "Pforzheim"]
[BlackTeam "Bad Mergentheim II"]
[WhiteTeamCountry "GER"]
[BlackTeamCountry "GER"]

1. e4 d6 2. d4 Nf6 3. Nc3 Nbd7 4. Nf3 e5 5. Be2 Be7 6. 0-0 0-0 7. h3 c6 8. Be3 b5 9. a3 a6 10. Nd2 exd4 11. Bxd4 c5 12. Be3 Bb7 13. b4 Qc7 14. bxc5 Nxc5 15. Bf3 Rac8 16. Nd5 Nxd5 17. exd5 Bf6 18. Rb1 Na4 19. Ne4 Be5 20. Bd4 Bxd4 21. Qxd4 Nc3 22. Rb3 Nxe4 23. Bxe4 f5 24. Bf3 Qc4 25. Qb6 Qc7 26. Qe3 Rfe8 27. Qg5 Re5 28. Re3 h6 29. Qg6 Rxe3 30. fxe3 Rf8 31. Qe6+ Kh8 32. Bh5 Bc8 33. Qg6 Qc5 34. Qg3 Qxd5 35. Rd1 Qc5 36. Qxd6 Qxd6 37. Rxd6 Kg8 38. Kf2 f4 39. e4 Rf6 40. Rxf6 gxf6 41. Kf3 a5 42. c3 Kf8 43. Kxf4 Ke7 44. e5 Bd7 45. Bf3 Be8 46. Bd5 Bd7 47. g4 Be8 48. exf6+ Kxf6 49. h4 Bd7 50. g5+ Kg7 51. Ke5 Be8 52. Be4 Bf7 53. Bd3 Be8 54. Kd6 1-0

[Event "Verbandsliga Nordbaden 1718"]
[White "Hauke, Christian"]
[Black "Hubel, Merten"]
[Site "Baden"]
[Round "6.2"]
[Result "0-1"]
[Date "2018.02.18"]
[WhiteElo "2178"]
[BlackElo "2071"]
[PlyCount "80"]
[EventDate "2017.10.08"]
[EventType "team-tourn"]
[EventRounds "9"]
[EventCountry "GER"]
[SourceTitle "EXT 2019"]
[Source "ChessBase"]
[SourceDate "2018.10.10"]
[SourceVersion "1"]
[SourceVersionDate "2018.10.10"]
[SourceQuality "1"]
[WhiteTeam "Bad Mergentheim II"]
[BlackTeam "Birkenfeld"]
[WhiteTeamCountry "GER"]
[BlackTeamCountry "GER"]

1. c4 e6 2. Nc3 d5 3. e3 c5 4. cxd5 exd5 5. d4 Nf6 6. Bb5+ Bd7 7. Bxd7+ Qxd7 8. Nf3 Nc6 9. 0-0 Ne4 10. dxc5 Nxc3 11. bxc3 Bxc5 12. Qd3 0-0 13. Rd1 Rfd8 14. Rb1 Qe7 15. Bd2 Na5 16. Qb5 b6 17. Nd4 a6 18. Qd3 Qe4 19. Be1 g6 20. Nb3 Nc4 21. Nxc5 bxc5 22. Qxe4 dxe4 23. Rxd8+ Rxd8 24. a4 Rd6 25. Rb8+ Kg7 26. Kf1 Rd1 27. Ke2 Ra1 28. Rc8 Nb2 29. c4 Nxa4 30. Bd2 Ra2 31. f3 Nc3+ 32. Ke1 Nb1 33. Rd8 Rxd2 34. Rxd2 Nxd2 35. Kxd2 exf3 36. gxf3 g5 37. Kc3 f5 38. Kb3 g4 39. fxg4 fxg4 40. Ka4 h5 0-1

[Event "Oberliga Baden 1718"]
[White "Hauke, Christian"]
[Black "Carretero Martinez, Francisco"]
[Site "Baden"]
[Round "4.8"]
[Result "1-0"]
[Date "2017.12.10"]
[WhiteElo "2172"]
[BlackElo "2029"]
[PlyCount "101"]
[EventDate "2017.10.08"]
[EventType "team-tourn"]
[EventRounds "9"]
[EventCountry "GER"]
[SourceTitle "EXT 2019"]
[Source "ChessBase"]
[SourceDate "2018.10.10"]
[SourceVersion "1"]
[SourceVersionDate "2018.10.10"]
[SourceQuality "1"]
[WhiteTeam "Bad Mergentheim"]
[BlackTeam "Brombach"]
[WhiteTeamCountry "GER"]
[BlackTeamCountry "GER"]

1. d4 f5 2. Bg5 g6 3. Nc3 d5 4. h4 Bg7 5. Qd2 Be6 6. Nf3 h6 7. Bf4 Nf6 8. Ne5 Bf7 9. f3 c6 10. g4 Nbd7 11. gxf5 gxf5 12. Nxf7 Kxf7 13. h5 Nb6 14. e3 Qd7 15. 0-0-0 Rag8 16. Bd3 Bf8 17. Be5 Rg5 18. e4 Rhg8 19. Bf4 Rg2 20. Qe3 fxe4 21. fxe4 Ng4 22. Qh3 Nf2 23. Qxd7 Nxd7 24. exd5 Nxh1 25. Bg6+ Kg7 26. dxc6 bxc6 27. Rxh1 Nf6 28. Re1 Rg4 29. Rf1 Kh8 30. Ne2 Bg7 31. c4 Rd8 32. Be5 Rg5 33. Nf4 Rg4 34. Bf5 Rxf4 35. Rxf4 Nxh5 36. Rh4 Nf6 37. Rh3 h5 38. Ra3 Ng4 39. Rxa7 Bxe5 40. dxe5 Ne3 41. Rd7 Rf8 42. Be6 Rf2 43. a4 h4 44. a5 h3 45. Bxh3 Nxc4 46. Rd8+ Kg7 47. a6 Rh2 48. a7 Nb6 49. Bg4 Rh4 50. Bd1 Rc4+ 51. Kb1 1-0

[Event "Verbandsliga Nordbaden 1516"]
[White "Hauke, Christian"]
[Black "Pyvovar, Igor"]
[Site "Baden"]
[Round "9.1"]
[Result "1/2-1/2"]
[Date "2016.04.17"]
[WhiteElo "2192"]
[BlackElo "2168"]
[PlyCount "45"]
[EventDate "2015.09.27"]
[EventType "team-tourn"]
[EventRounds "9"]
[EventCountry "GER"]
[SourceTitle "EXT 2022"]
[Source "ChessBase"]
[SourceDate "2021.10.06"]
[SourceVersion "1"]
[SourceVersionDate "2021.10.06"]
[SourceQuality "1"]
[WhiteTeam "Bad Mergentheim II"]
[BlackTeam "Ettlingen II"]
[WhiteTeamCountry "GER"]
[BlackTeamCountry "GER"]

1. d4 d5 2. Bg5 Nf6 3. Bxf6 exf6 4. e3 Bd6 5. c4 dxc4 6. Bxc4 0-0 7. Nc3 f5 8. Nf3 Nc6 9. a3 a6 10. 0-0 Bd7 11. b4 Kh8 12. Qd3 f6 13. Nh4 g6 14. f4 Ne7 15. Nf3 Kg7 16. d5 a5 17. b5 Nc8 18. Nd4 Qe7 19. Ne6+ Bxe6 20. dxe6 Nb6 21. Nd5 Nxd5 22. Bxd5 Rab8 23. Qc3 1/2-1/2

[Event "Verbandsliga Nord Baden 1314"]
[White "Hauke, Christian"]
[Black "Noe, Christopher"]
[Site "Germany"]
[Round "6.1"]
[Result "1/2-1/2"]
[Date "2014.02.16"]
[WhiteElo "2199"]
[BlackElo "2276"]
[PlyCount "67"]
[EventDate "2013.10.20"]
[EventType "team-tourn"]
[EventRounds "9"]
[EventCountry "GER"]
[SourceTitle "EXT 2015"]
[Source "ChessBase"]
[SourceDate "2014.11.20"]
[SourceVersion "1"]
[SourceVersionDate "2014.11.20"]
[SourceQuality "1"]
[WhiteTeam "Bad Mergentheim II"]
[BlackTeam "Eppingen II"]
[WhiteTeamCountry "GER"]
[BlackTeamCountry "GER"]

1. d4 Nf6 2. Bg5 e6 3. e4 h6 4. Bxf6 Qxf6 5. Nc3 Bb4 6. Qd2 d6 7. Bc4 0-0 8. Nge2 Nc6 9. a3 Ba5 10. 0-0 e5 11. b4 Bb6 12. Nd5 Qh4 13. Nxb6 axb6 14. f4 Bg4 15. c3 Bxe2 16. Bxe2 Rae8 17. g3 Qe7 18. fxe5 dxe5 19. d5 Nb8 20. a4 Nd7 21. Rfd1 Nf6 22. Bf3 Qd6 23. c4 Ra8 24. Qc3 Rfe8 25. c5 bxc5 26. bxc5 Qa6 27. a5 Qa7 28. Kg2 Nd7 29. Rdc1 c6 30. d6 Qb8 31. Rcb1 Qa7 32. Rc1 Qb8 33. Rcb1 Qa7 34. Rc1 1/2-1/2

[Event "Oberliga Baden 1112"]
[White "Frey, Alisa"]
[Black "Hauke, Christian"]
[Site "Germany"]
[Round "8.8"]
[Result "1/2-1/2"]
[Date "2012.03.18"]
[WhiteElo "2036"]
[BlackElo "2197"]
[PlyCount "149"]
[EventDate "2011.10.02"]
[EventType "team-tourn"]
[EventRounds "9"]
[EventCountry "GER"]
[SourceTitle "EXT 2013"]
[Source "ChessBase"]
[SourceDate "2012.11.22"]
[SourceVersion "1"]
[SourceVersionDate "2012.11.22"]
[SourceQuality "1"]
[WhiteTeam "Eppingen II"]
[BlackTeam "Bad Mergentheim"]
[WhiteTeamCountry "GER"]
[BlackTeamCountry "GER"]

1. e4 d6 2. d4 Nf6 3. Nc3 Nbd7 4. f4 e5 5. Nf3 exd4 6. Qxd4 c6 7. Be3 d5 8. exd5 Bc5 9. Qd3 Qe7 10. Nd4 Nb6 11. dxc6 bxc6 12. 0-0-0 0-0 13. Bg1 Qc7 14. g3 Bg4 15. Be2 Bh3 16. Bf3 Rad8 17. Ne4 Be7 18. Qe2 Nfd5 19. Bf2 Rb8 20. Ng5 Bxg5 21. fxg5 Rfe8 22. Qd3 Nb4 23. Qb3 c5 24. Nb5 Qe7 25. g4 c4 26. Qa3 Qxg5+ 27. Kb1 Qxb5 28. Rhg1 c3 29. Bd4 cxb2 30. Bh1 Nxc2 31. Kxc2 b1Q+ 32. Rxb1 Re2+ 33. Kd1 Qxb1+ 34. Kxe2 Re8+ 35. Kf2 Qc2+ 36. Kg3 Bxg4 37. Kxg4 Qg6+ 38. Kh3 Qf5+ 39. Kg3 Qg5+ 40. Kh3 Qh5+ 41. Kg3 Qg5+ 42. Kh3 Qf5+ 43. Kg3 Re6 44. Qf3 Rg6+ 45. Kf2 Qc2+ 46. Qe2 Qf5+ 47. Bf3 Qd7 48. Qe5 f6 49. Qe4 Rh6 50. Rg2 g5 51. Bg4 Qc7 52. h3 Nc4 53. Qe6+ Kg7 54. Qd7+ Qxd7 55. Bxd7 Kf7 56. Rg3 Rh4 57. Bxa7 Ne5 58. Bg4 Nxg4+ 59. hxg4 Rh2+ 60. Rg2 Rxg2+ 61. Kxg2 f5 62. gxf5 Kf6 63. a4 Kxf5 64. a5 Ke6 65. a6 Kd7 66. Bc5 Kc7 67. Kg3 Kb8 68. Kg4 h5+ 69. Kxh5 g4 70. Kxg4 Ka8 71. Kf5 Kb8 72. Ke6 Ka8 73. Kd7 Kb8 74. a7+ Ka8 75. Kc8 1/2-1/2

[Event "BL2-Sued 0809"]
[White "Gohil, Harry"]
[Black "Hauke, Christian"]
[Site "Germany"]
[Round "4.5"]
[Result "1-0"]
[Date "2008.12.14"]
[WhiteElo "2340"]
[BlackElo "2245"]
[PlyCount "57"]
[EventDate "2008.10.05"]
[EventType "team-tourn"]
[EventRounds "9"]
[EventCountry "GER"]
[SourceTitle "CBM 129 Extra"]
[Source "ChessBase"]
[SourceDate "2009.05.05"]
[SourceVersion "2"]
[SourceVersionDate "2009.05.20"]
[SourceQuality "1"]
[WhiteTeam "Schott Mainz"]
[BlackTeam "Bad Mergentheim"]
[WhiteTeamCountry "GER"]
[BlackTeamCountry "GER"]

1. d4 d6 2. Bg5 g6 3. Nc3 Bg7 4. Qd2 c6 5. h4 h6 6. Bf4 Nd7 7. e4 Qa5 8. Nf3 e5 9. dxe5 dxe5 10. Be3 Ngf6 11. 0-0-0 Ng4 12. Bc4 Nxe3 13. Qxe3 b5 14. Bb3 Qb6 15. Qd2 Bf8 16. Nd5 Qd8 17. h5 g5 18. Qc3 cxd5 19. Bxd5 Bg7 20. Bxa8 0-0 21. Bc6 Qe7 22. Bxd7 Bxd7 23. Qc7 Rd8 24. Rd5 g4 25. Nxe5 Qf6 26. Rhd1 Qf4+ 27. Kb1 Re8 28. Qxd7 Rxe5 29. Qc8+ 1-0

[Event "BL2-Sued 0708"]
[White "Terekhov, Andrey"]
[Black "Hauke, Christian"]
[Site "Germany"]
[Round "4.7"]
[Result "1-0"]
[Date "2007.12.09"]
[WhiteElo "2318"]
[BlackElo "2269"]
[PlyCount "93"]
[EventDate "2007.10.21"]
[EventType "team-tourn"]
[EventRounds "9"]
[EventCountry "GER"]
[SourceTitle "EXT 2009"]
[Source "ChessBase"]
[SourceDate "2008.11.26"]
[SourceVersion "1"]
[SourceVersionDate "2008.11.26"]
[SourceQuality "1"]
[WhiteTeam "Bayern Muenchen"]
[BlackTeam "Bad Mergentheim"]
[WhiteTeamCountry "GER"]
[BlackTeamCountry "GER"]

1. d4 d6 2. c4 e5 3. Nf3 e4 4. Ng5 f5 5. Nc3 g6 6. Nh3 Nf6 7. Nf4 Bg7 8. h4 Nc6 9. e3 Qe7 10. a3 Qf7 11. b4 0-0 12. Bb2 Bd7 13. h5 g5 14. Nfd5 Be8 15. h6 Bh8 16. Nxf6+ Bxf6 17. g4 Bd7 18. gxf5 Bxf5 19. Be2 Bg6 20. Rh2 Ne7 21. Qd2 c6 22. 0-0-0 d5 23. f3 a5 24. fxe4 axb4 25. axb4 dxe4 26. Rf2 Qe6 27. Rdf1 Bh8 28. d5 cxd5 29. cxd5 Qd6 30. Nb5 Rfc8+ 31. Kb1 Qxd5 32. Qxd5+ Nxd5 33. Bg4 Re8 34. Nd6 Nxe3 35. Nxe8 Nxf1 36. Be6+ Bf7 37. Rxf7 Rxe8 38. Re7+ Kf8 39. Rf7+ Kg8 40. Re7+ Kf8 41. Rxe8+ Kxe8 42. Bxh8 e3 43. Bf5 e2 44. Bc3 Ne3 45. Bxh7 Kf7 46. Be4 Nd1 47. Be1 1-0

[Event "BL2-Sued 0607"]
[White "Fuchs, Heinz"]
[Black "Hauke, Christian"]
[Site "Germany"]
[Round "1.7"]
[Result "0-1"]
[Date "2006.10.15"]
[WhiteElo "2290"]
[BlackElo "2270"]
[PlyCount "83"]
[EventDate "2006.10.15"]
[EventType "team-tourn"]
[EventRounds "9"]
[EventCountry "GER"]
[SourceTitle "EXT 2008"]
[Source "ChessBase"]
[SourceDate "2007.11.25"]
[SourceVersion "1"]
[SourceVersionDate "2007.11.25"]
[SourceQuality "1"]
[WhiteTeam "Untergrombach"]
[BlackTeam "Bad Mergentheim"]
[WhiteTeamCountry "GER"]
[BlackTeamCountry "GER"]

1. c4 g6 2. e4 e5 3. Nf3 Bg7 4. d4 exd4 5. Nxd4 Nc6 6. Be3 Nge7 7. Nc3 0-0 8. Be2 d6 9. 0-0 f5 10. exf5 Nxf5 11. Nxf5 Bxf5 12. Qd2 Qd7 13. Rad1 Ne5 14. h3 Qf7 15. b3 Rad8 16. f4 Nc6 17. Bf3 Rfe8 18. g4 Bxc3 19. Qxc3 Be4 20. Bc1 h6 21. Bb2 Kh7 22. Rde1 Bxf3 23. Rxe8 Rxe8 24. Rxf3 Rg8 25. Kg2 Nd8 26. f5 Nc6 27. Qd3 g5 28. Re3 Re8 29. Qe2 Rxe3 30. Qxe3 d5 31. f6 d4 32. Qe4+ Qg6 33. Qf3 Qc2+ 34. Kg3 Ne5 35. Qf5+ Qxf5 36. gxf5 c5 37. b4 b6 38. bxc5 bxc5 39. Ba3 Nd7 40. Kf3 Kg8 41. Ke4 Kf7 42. Kd5 0-1

[Event "BL2-Sued 0506"]
[White "Hauke, Christian"]
[Black "Syska, Albert"]
[Site "Germany"]
[Round "9.5"]
[Result "1/2-1/2"]
[Date "2006.04.02"]
[WhiteElo "2267"]
[BlackElo "2230"]
[PlyCount "20"]
[EventDate "2005.10.23"]
[EventType "team-tourn"]
[EventRounds "9"]
[EventCountry "GER"]
[SourceTitle "EXT 2007"]
[Source "ChessBase"]
[SourceDate "2006.11.23"]
[SourceVersion "1"]
[SourceVersionDate "2006.11.23"]
[SourceQuality "1"]
[WhiteTeam "Bad Mergentheim"]
[BlackTeam "Heidelberg Handschuhsheim"]
[WhiteTeamCountry "GER"]
[BlackTeamCountry "GER"]

1. d4 Nf6 2. Bg5 c5 3. d5 e5 4. Nc3 d6 5. e4 Be7 6. Bb5+ Nfd7 7. Bxe7 Qxe7 8. a4 0-0 9. Nce2 Qh4 10. Ng3 g6 1/2-1/2